| 000 | 01280nam a22002177a 4500 | ||
|---|---|---|---|
| 001 | 4394 | ||
| 003 | FISKH | ||
| 005 | 20250814140725.0 | ||
| 008 | 240819b cb ||||| |||| 00| 0 eng d | ||
| 040 |
_aFISKH _beng _cFISKH _dFISKH |
||
| 050 | _aPR4034 | ||
| 082 | _a823.7 | ||
| 100 |
_aAusten, Jane _d(1775–1817) _eAuthor |
||
| 245 |
_aPride and prejudice / _cBy Jane Austen |
||
| 260 |
_aPhnom Penh : _bFootprints International School, _c2024. |
||
| 300 |
_a479 pages : _c21 cm |
||
| 520 | _aMr and Mrs Bennet have five unmarried daughters. When the amiable Mr Bingly moves into the neighbourhood, Mrs Bennet therefore feels entirely sure that he is meant for one of her girls. Her eldest Miss Bennet captures his attention, but Mr Bingley's proud friend Mr Darcy does not approve the match and takes his friend away to London. Though not before losing his own heart to the second eldest, Lizzie. With an indolent father on one side and a nervous, ignorant mother on the other, the girls soon find themselves in the middle of a disaster which throws them back in with the two gentlemen. All parties must re-think their pride and the prejudice of first impressions. | ||
| 600 |
_2Novel _aLove _dEnglish Literature _qRomance _tClassic Literature |
||
| 942 |
_2ddc _cBK _n0 |
||
| 999 |
_c4394 _d4394 |
||